Library Logo

مبادی الانشا (Record no. 246581)

000 -LEADER
fixed length control field 00488nam a22001697a 4500
003 - CONTROL NUMBER IDENTIFIER
control field BD-DhUL
005 - DATE AND TIME OF LATEST TRANSACTION
control field 20190313155804.0
008 - FIXED-LENGTH DATA ELEMENTS--GENERAL INFORMATION
fixed length control field 190313s1900 ii ||||| |||| 000 0 urd d
040 ## - CATALOGING SOURCE
Original cataloging agency BD-DhUL
Transcribing agency BD-DhUL
082 ## - DEWEY DECIMAL CLASSIFICATION NUMBER
Classification number 891.433
Item number ZAM
100 0# - MAIN ENTRY--PERSONAL NAME
Personal name ذکاء اﷲ۔
245 0# - TITLE STATEMENT
Title مبادی الانشا
Remainder of title حصہ چھارم /
260 ## - PUBLICATION, DISTRIBUTION, ETC. (IMPRINT)
Place of publication, distribution, etc. دھلی :
Name of publisher, distributor, etc. مطبع مجتبائ،
Date of publication, distribution, etc. ۱۹۰۰۔
300 ## - PHYSICAL DESCRIPTION
Extent حصہ چھارم ؛
Dimensions ۱۷ سم۔
650 #4 - SUBJECT ADDED ENTRY--TOPICAL TERM
Topical term or geographic name as entry element Urdu fiction.
942 ## - ADDED ENTRY ELEMENTS (KOHA)
Source of classification or shelving scheme
Koha item type Books
Holdings
Price effective from Date last seen Permanent Location Not for loan Date acquired Source of classification or shelving scheme Koha item type Lost status Withdrawn status Copy number Collection code Damaged status Shelving location Barcode Current Location Full call number
2019-03-132019-03-13Dhaka University Library 2019-03-13 Books  1Non Fiction General StacksA7470Dhaka University Library891.433 ZAM
Last Updated on September 15, 2019
© Dhaka University Library. All Rights Reserved|Staff Login